Nový vývoj v jihovýchodní Asii a Pacifiku

Na minha lista:
Detalhes bibliográficos
Autor principal: Drábek, Jaroslav
Formato: Capítulo de Livro
Idioma:tcheco
Tags: Adicionar Tag
Sem tags, seja o primeiro a adicionar uma tag!

MARC

LEADER 00000naa$a2200000$$$4500
001 0204607
005 20240502073421.6
041 0 |a cze 
044 |a SK 
245 1 0 |a Nový vývoj v jihovýchodní Asii a Pacifiku  |c Jaroslav Drábek 
100 1 |a Drábek, Jaroslav